| Tag |
First Indicator |
Second Indicator |
Subfields |
| LEADER |
00000cam a2200000 a 4500 |
| 001 |
in00000088865 |
| 005 |
20151008063304.0 |
| 008 |
810916s1981 nyua b 00110 eng |
| 010 |
|
|
|a 80051870
|
| 020 |
|
|
|a 0913292052 (pbk.)
|
| 035 |
|
|
|a (OCoLC)07835708
|
| 035 |
|
|
|9 AAK1952AM
|
| 039 |
0 |
|
|a 2
|b 3
|c 3
|d 3
|e 3
|
| 040 |
|
|
|a DLC
|c DLC
|d TXA
|d UtOrBLW
|
| 049 |
|
|
|a TXAM
|c [985613]
|
| 050 |
0 |
0 |
|a RC954
|b .B74
|
| 082 |
0 |
|
|a 610.73/65
|2 19
|
| 100 |
1 |
|
|a Breitung, Joan Carson.
|
| 245 |
1 |
0 |
|a Care of the older adult /
|c Joan Carson Breitung.
|
| 264 |
|
1 |
|a New York City :
|b Tiresias Press,
|c [1981]
|
| 264 |
|
4 |
|c ©1981
|
| 300 |
|
|
|a 336 pages :
|b illustrations ;
|c 21 cm.
|
| 336 |
|
|
|a text
|b txt
|2 rdacontent
|
| 337 |
|
|
|a unmediated
|b n
|2 rdamedia
|
| 338 |
|
|
|a volume
|b nc
|2 rdacarrier
|
| 500 |
|
|
|a Includes index.
|
| 504 |
|
|
|a Bibliography: pages 323-326.
|
| 650 |
|
0 |
|a Geriatric nursing.
|
| 650 |
|
0 |
|a Older people
|x Care.
|
| 999 |
|
|
|a MARS
|
| 999 |
f |
f |
|s 820110fe-7ea2-3807-93d0-0fd497c239d1
|i fa86497a-d857-3b6f-a1be-46d7cfa44fc3
|t 0
|
| 952 |
f |
f |
|p ric
|a Texas A&M University
|b Rellis Campus
|c Joint Library Facility
|d Remote Storage
|t 0
|e RC954 .B74
|h Library of Congress classification
|i unmediated -- volume
|m A14806231185
|
| 998 |
f |
f |
|a RC954 .B74
|t 0
|l Remote Storage
|